Регионална библиотека "Любен Каравелов" - Русе

Конструктивизмът в изобразителното изкуство и архитектурата (Запис номер 114830)

MARC детайли
000 -Лидер
Контролно поле с фиксирана дължина 01887nam a2200373 c 4500
003 - Код на организацията, давaща контролен номер
Контролно поле BLK
005 - Дата и час на последна редакция
Контролно поле 20220727161244.0
008 - Елементи от данни с фиксирана дължина
fixed length control field 180409b bul|||||r ||||||| ||bul||
010 ## - Наследен системен номер
LC control number KNG00120267000
040 ## - Източник на каталожния запис
Идентификатор на билиотеката - собственик на записа BLK
041 ## - Код за език
Код за езика на текст/звукозапис или на отделно заглавие Български
Код за езика КДБФ Български
080 ## - УДК
Текстов определител УДК Изкуство между експресионизма и абстрактното изкуство : Фовизъм, кубизъм, футуризъм, дадаизъм, сюрреализъм, конструктивизъм
УДК код - определител по УДК 7.037
УДК - код + определител 7.037
080 ## - УДК
Текстов определител УДК Изобразителни изкуства и художествени занаяти
УДК код - определител по УДК 73/76
УДК определител .037
УДК - код + определител 73/76.037
080 ## - УДК
Текстов определител УДК Архитектура
УДК код - определител по УДК 72
УДК определител .037
УДК - код + определител 72.037
100 1# - Редна дума - Автор
Автор Ангелов, Валентин Ангелов
Авторска отговорност първи автор
R(LIN) 365441
139 ## - Редно поле
Редна дума Ангелов, Валентин Ангелов
Авторски знак Ан - А 64
245 10 - Сведения за заглавието
Заглавие Конструктивизмът в изобразителното изкуство и архитектурата
Редно поле (дума) Валентин Ангелов Ангелов; отг. ред. Атанас Стойков.
257 ## - Страна на издаване
Страна на създаване/издаване България
260 ## - Област на издателските данни
Място на издаване, разпространение и проч. София
Име на издателя, разпространителя и проч. БАН
Година на издаване 1972
300 ## - Физическа характеристика
Страници 196 с.
Илюстрации и др. с ил., 4 л. ил.
Размери/Мащаб 25 см
380 ## - Жанр
Жанр Изкуство
500 ## - Общи забележки
Забележка Изд. на БАН. Инст. за изкуствознание. - 500 тир. - Библиогр. с. 183.
650 #4 - Допълнително описание по предмет – тема
Основно описание – тема или топоним Изкуство, съвременно
9 (RLIN) 275862
650 #4 - Допълнително описание по предмет – тема
Основно описание – тема или топоним Конструктивизъм
9 (RLIN) 159220
653 ## - Ключова дума – ненормативна
Ключова дума конструктивизъм
653 ## - Ключова дума – ненормативна
Ключова дума съвременно изкуство
653 ## - Ключова дума – ненормативна
Ключова дума стилове и направления
700 1# - Други автори (авторска отговорност)
Лично име Стойков, Атанас
Автороска отговорност (Описва отношението между автора и произведението) отг. ред.
Друга информация Атанасов, Атанас Стойков
9 (RLIN) 369553
852 ## - Местоположение
Форматна сигнатура Цб 64353
Фондова буква Хранилище
856 4# - Електронен адрес и достъп
Електронен формат pdf - файл
856 4# - Електронен адрес и достъп
Електронен формат pdf - файл
999 ## - СИСТЕМНИ КОНТРОЛНИ НОМЕРА
Koha biblionumber 114830
Koha biblioitemnumber 114830
942 ## - АРТИКУЛИ
Вид на библиотечния материал Книги
Скрит в OPAC Не
Периодичен библиозапис Да
944 ## - СЪЗДАВАНЕ И РЕДАКЦИЯ на ЗАПИСА
Създаване/Редакция Създаване
Дата на регистрацията/редакция 29.11.2010
Статус, дата на статуса ф / 26.11.2010
Служител, извършил регистрацията/редакцията Людмила_Стоянова
944 ## - СЪЗДАВАНЕ И РЕДАКЦИЯ на ЗАПИСА
Създаване/Редакция Редакция
Дата на регистрацията/редакция 29.11.2010
Статус, дата на статуса ф / 26.11.2010
944 ## - СЪЗДАВАНЕ И РЕДАКЦИЯ на ЗАПИСА
Създаване/Редакция Редакция
Дата на регистрацията/редакция 2022-07-27
999 ## - СИСТЕМНИ КОНТРОЛНИ НОМЕРА
Koha biblioitemnumber 114830
Наличности
Код за отписване Код за изгубен артикул Източник на класификационната схема Код за повреда Коз за рестрикции Код за отдаване Артикулен № Име на библиотеката - собственик Име на библиотеката, в която се намира в момента Статус (Текущо местоположение) Дата на вписване в системата Местоположение - отдел Цена в лева Инвентарен номер Систематично азбучна сигнатура Баркод Номер на екземпляра Цена в евро Служебна бележка Служебен тип на артикула
  Не е изгубен Universal Decimal Classification Не е повреден без рестрикции заемане за дома 184201 Регионална библиотека "Любен Каравелов" Русе Регионална библиотека "Любен Каравелов" Русе Отдел Изкуство - подръчен фонд 1972-01-01 Отдел Изкуство - подръчен фонд 2.33 122876 7.036/.038/А 64 120000122876 1 1.19 Дост: Pk Вид: Ф N: стар фонд Дата: 01.01.1972 Дата инв: 06.06.2012 Бележки инв: * Книги
  Не е изгубен Universal Decimal Classification Не е повреден само за читалня ползва се в читалня 184202 Регионална библиотека "Любен Каравелов" Русе Регионална библиотека "Любен Каравелов" Русе Хранилище 1972-01-01 Хранилище 2.33 125774 Цб 64353 120000125774 2 1.19 Дост: Dp Вид: Ф N: стар фонд Дата: 01.01.1972 Книги
Изтеглен Не е изгубен Universal Decimal Classification Не е повреден без рестрикции заемане за дома 184203 Регионална библиотека "Любен Каравелов" Русе Регионална библиотека "Любен Каравелов" Русе Отдел Изкуство - подръчен фонд 1972-01-01 Отдел Изкуство - подръчен фонд 2.33 122875 7.036/.038/А 64 122875 3 1.19 Дост: Pk Вид: Д N: стар фонд Дата: 01.01.1972 Дата инв: 11.02.2015 Бележки инв: ИП2015 Книги
Vip Innovations Ltd, Rousse, Bulgaria 2025